000 00554nam a2200205 a 4500
001 BRCA_6547
005 20190320205511.0
008 290911s1905----gw-#######---#000-0#ger-#
041 _ager
044 _agw
050 4 _aPN6090
_b.S36 1905
245 1 0 _aZitaten Lexikon
_bSammlung von Zitaten Sprichwörtlichen Redensarten und Sentenzen
_cvon Daniel Sander.
250 _a2
260 _aLeipzig, Alemania
_bJ. J. Weber
_c1905
300 _a712 p.
_c17 cm.
500 _aL89
650 1 4 _aLiteratura Alemana
_96160
902 _aGFM
942 _2lcc
_cB
999 _c6231
_d6231